000 00702nam a22001337a 4500
040 _cRUA
082 _aLMA KHO 2015 B529 Or.1
100 _aKHOT DOEURNG; ខុត ដឿន
245 _aStudy on land use planing in land concession social area ti pou communes, satuk district, kampong thom province; ការសិក្សាពីផែនការប្រើប្រាស់ដីធ្លីក្នុងតំបន់សម្បទានសង្គមកិច្ចនៅឃុំទីពោ ស្រុុកសន្ទុក ខេត្តកំពង់ធំ
260 _aPhnom Penh
_bRUA
_c2015
300 _aiii; 46p;
_bill;
_c29cm;
856 _u KHOT DOEURNG
942 _cLMA
999 _c10832
_d10832